Every Member of the NXT Roster - Statistics

General Stats
  • This quiz has been taken 25 times
    16 since last reset
  • The average score is 36 of 73
Answer Stats
Answer % Correct
Axiom
92%
Channing "Stacks" Lorenzo
92%
Kelani Jordan
92%
Tony D'Angelo
92%
Wes Lee
92%
Charlie Dempsey
83%
Cora Jade
83%
Josh Briggs
83%
Nathan Frazer
83%
Oba Femi
83%
Roxanne Perez
83%
Sol Ruca
83%
Andre Chase
75%
Noam Dar
75%
Thea Hail
75%
Trick Williams
75%
Arianna Grace
67%
Duke Hudson
67%
Ethan Page
67%
Gigi Dolin
67%
Jacy Jayne
67%
Jakara Jackson
67%
Shawn Spears
67%
Tatum Paxley
67%
Adriana Rizzo
58%
Brooks Jensen
58%
Cedric Alexander
58%
Fallon Henley
58%
Je'Von Evans
58%
Lash Legend
58%
Lexis King
58%
Tavion Heights
58%
Ashante "Thee" Adonis
50%
Bronco Nima
50%
Eddy Thorpe
50%
Joe Coffey
50%
Lola Vice
50%
Myles Borne
50%
Oro Mensah
50%
Ridge Holland
50%
Wolfgang
50%
Hank Walker
42%
Jaida Parker
42%
Lucien Price
42%
Riley Osborne
42%
Tank Ledger
42%
Wren Sinclair
42%
Brinley Reece
33%
Izzi Dame
33%
Karmen Petrovic
33%
Luca Crusifino
33%
Nikkita Lyons
33%
Tyriek Igwe
33%
Tyson Dupont
33%
Wendy Choo
33%
Dante Chen
25%
Edris Enofe
25%
Javier Bernal
25%
Jazmyn Nyx
25%
Kendal Grey
25%
Mark Coffey
25%
Mr. Stone
25%
Ava
17%
Cutler James
17%
Dion Lennox
17%
Malik Blade
17%
Stevie Turner
17%
Dani Palmer
8%
Joe Gacy
8%
Layla Diggs
8%
Meiko Satomura
8%
Shiloh Hill
8%
Uriah Connors
8%
No matching quizzes found
Score Distribution
Percent of People with Each Score
Percentile by Number Answered
Your Score History
You have not taken this quiz since the last reset